Central Library OPAC University of Rajshahi

Statistical quality control / (Record no. 35331)

MARC details
000 -LEADER
fixed length control field 00745cam a22002531 4500
001 - CONTROL NUMBER
control field 35331
003 - CONTROL NUMBER IDENTIFIER
rucl marc code BD-RjUL
005 - DATE AND TIME OF LATEST TRANSACTION
control field 20211209052313.0
008 - FIXED-LENGTH DATA ELEMENTS--GENERAL INFORMATION
fixed length control field 140522s1952 nyua b 000 0 eng
035 ## - SYSTEM CONTROL NUMBER
System control number (BD-RjUL)35425
040 ## - CATALOGING SOURCE
Original cataloging agency DLC
Transcribing agency OClU
Modifying agency OCoLC
-- Uk
-- DLC
Language of cataloging BD-RjUL
082 ## - DEWEY DECIMAL CLASSIFICATION NUMBER
Classification number 658.562
Author mark and year GRS 1952
100 1# - MAIN ENTRY--PERSONAL NAME
Personal name Grant, Eugene Lodewick,
Dates associated with a name 1897-
9 (RLIN) 5648
245 10 - TITLE STATEMENT
Title Statistical quality control /
250 ## - EDITION STATEMENT
Edition statement 2d ed.
260 ## - PUBLICATION, DISTRIBUTION, ETC. (IMPRINT)
Place of publication, distribution, etc. New York :
Name of publisher, distributor, etc. McGraw-Hill ;
Date of publication, distribution, etc. 1952.
300 ## - PHYSICAL DESCRIPTION
Pagination 557 p. :
Illustrations illus. ;
Size 24 cm.
490 0# - SERIES STATEMENT
Series statement McGraw-Hill industrial organization and management series
504 ## - BIBLIOGRAPHY, ETC. NOTE
Bibliography, etc Includes bibliography.
650 #0 - SUBJECT ADDED ENTRY--TOPICAL TERM
Topical term or geographic name as entry element Quality control.
9 (RLIN) 107628
942 ## - ADDED ENTRY ELEMENTS (KOHA)
Source of classification or shelving scheme Dewey Decimal Classification
Koha item type Books
Holdings
Lost status Source of classification or shelving scheme Damaged status Not for loan Collection code Permanent Location Current Location Shelving location Date acquired Source of acquisition Cost, normal purchase price Total Checkouts Full call number Date last seen Copy number Koha item type
  Dewey Decimal Classification     Non-fiction Central Library, University of Rajshahi Central Library, University of Rajshahi   07/01/1965 Zitlinger 66.00   658.562 GRS 1952 22/05/2014 C-10 Books